000 00805nam1a2200253 i 4500
001 RU\NLR\bibl\1196795
005 20260406121305.0
035 _a(NLR Aleph) 001183316
090 _a1671209
_c1671209
100 _a20080304g20079999u y0rusy50 ca
101 0 _arus
102 _aRU
105 _a||||z |||||
200 1 _aСедьмая жертва
_e[роман
_eв 2 т.]
_fАлександра Маринина
210 _aМосква
_cЭксмо
_cФорум
_d2007
215 _d17
463 0 _10011187228
463 0 _10011208422
700 1 _4070
_8rus
_7ca
_aМаринина
_bА. Б.
_gАлександра Борисовна
_f1957-
_3RU\NLR\auth\77515
_9110564
801 0 _aRU
_bNLR
_c20080304
_gRCR
801 1 _aRU
_bNLR
_c20080304
852 _aNLR
_j2008-2/422
942 _cBOOK